Normas Penales /

Guardado en:
Autor Corporativo: Consejo de la Magistratura de la Ciudad Autónoma de Buenos Aires.
Formato: Desconocido
Idioma:Spanish
Publicado: Ciudad Autónoma de Buenos Aires : Jusbaires, 2016.
Edición:3a. ed.
Series:Colección normativa
Materias:
Etiquetas: Agregar Etiqueta
Sin Etiquetas, Sea el primero en etiquetar este registro!
LEADER 00660nac a22001935a 4500
001 DER.der014106
008 190918i2016####ag#||||||||||||||#||spa||
005 20240304084251.0
245 1 0 |a Normas Penales /  |c Consejo de la Magistratura de la Ciudad Autónoma de Buenos Aires. 
250 |a 3a. ed. 
260 |a Ciudad Autónoma de Buenos Aires :  |b Jusbaires,  |c 2016. 
300 |a 279 p. 
490 0 |a Colección normativa 
020 |a 9789873690822 
110 2 |a Consejo de la Magistratura de la Ciudad Autónoma de Buenos Aires. 
650 7 |a LEY DE ESTUPEFACIENTES 
650 7 |a PENAL TRIBUTARIO 
650 7 |a DERECHO PENAL 
859 |a DERECHO  |b BIB. DERECHO  |h 345  |i CON  |p 009342